Mười tôn giáo lớn trên thế giới
Sách giới thiệu khái quát bối cảng ra đời, quá trình phát triển, phân phái, những kinh điển cơ bản, các nghi thức tế tự... của các tôn giáo lớn trên thế giới
Gorde:
| Egile nagusia: | |
|---|---|
| Formatua: | Liburua |
| Hizkuntza: | Undetermined |
| Argitaratua: |
Hà Nội
Chính Trị Quốc Gia
1999
|
| Gaiak: | |
| Etiketak: |
Etiketa erantsi
Etiketarik gabe, Izan zaitez lehena erregistro honi etiketa jartzen!
|
| Thư viện lưu trữ: | Trung tâm Học liệu Trường Đại học Cần Thơ |
|---|
| LEADER | 00801nam a2200205Ia 4500 | ||
|---|---|---|---|
| 001 | CTU_32647 | ||
| 008 | 210402s9999 xx 000 0 und d | ||
| 020 | |b 85.000đ | ||
| 082 | |a 291 | ||
| 082 | |b X527 | ||
| 100 | |a Hoàng, Tâm Xuyên | ||
| 245 | 0 | |a Mười tôn giáo lớn trên thế giới | |
| 245 | 0 | |c Hoàng Tâm Xuyên | |
| 260 | |a Hà Nội | ||
| 260 | |b Chính Trị Quốc Gia | ||
| 260 | |c 1999 | ||
| 520 | |a Sách giới thiệu khái quát bối cảng ra đời, quá trình phát triển, phân phái, những kinh điển cơ bản, các nghi thức tế tự... của các tôn giáo lớn trên thế giới | ||
| 650 | |a Religions | ||
| 904 | |i Minh | ||
| 980 | |a Trung tâm Học liệu Trường Đại học Cần Thơ | ||